Some Cairo mosques, and their founders /
محفوظ في:
المؤلف الرئيسي:
التنسيق: كتاب
اللغة: English
منشور في:
London :
Constable and company, limited,
1921.
الموضوعات:
الوسوم: إضافة وسم
لا توجد وسوم, كن أول من يضع وسما على هذه التسجيلة!
رقم الطلب: NA6083 .D51 1921
| LEADER | 00672namaa2200217 4500 | ||
|---|---|---|---|
| 001 | 25343 | ||
| 003 | OSt | ||
| 005 | 20250909094609.0 | ||
| 008 | 130303s1921 enkf 000 0 eng d | ||
| 010 | |a 22011021 | ||
| 040 | |c ARCE Library | ||
| 043 | |a f-ua--- | ||
| 050 | 4 | |a NA6083 .D51 1921 | |
| 100 | 1 | |a Devonshire, R. L., |c Mrs., |d 1864-1949. |e author |9 28973 | |
| 245 | 1 | 0 | |a Some Cairo mosques, and their founders / |c by Mrs. R. L. Devonshire. |
| 264 | 1 | |a London : |b Constable and company, limited, |c 1921. | |
| 300 | |a xi, [1], 131, [1] pages frontispiece : |b plates ; |c 23 cm. | ||
| 650 | 0 | |a Mosques |z Egypt |z Cairo. | |
| 901 | |a reviewed | ||
| 942 | |c BK |2 lcc | ||
| 999 | |c 23772 |d 23772 | ||
